Reading Gladstone (Record no. 576177)

MARC details
000 -LEADER
fixed length control field 00575nam a2200169Ia 4500
008 - FIXED-LENGTH DATA ELEMENTS--GENERAL INFORMATION
fixed length control field 250718s9999 xx 000 0 und d
020 ## - INTERNATIONAL STANDARD BOOK NUMBER
ISBN 9780230007659
082 ## - DEWEY DECIMAL CLASSIFICATION NUMBER
Classification number 941.081092
Item number WIN
100 ## - MAIN ENTRY--AUTHOR NAME
Personal name Windscheffel, Ruth Clayton
245 #0 - TITLE STATEMENT
Title Reading Gladstone
260 ## - PUBLICATION, DISTRIBUTION, ETC. (IMPRINT)
Name of publisher Palgrave MacMillan
Year of publication 2008
300 ## - PHYSICAL DESCRIPTION
Number of Pages 360 pages
500 ## - GENERAL NOTE
General note This volume explores how book culture functioned in the life and milieu of one of the nineteenth century's most complex figures, William Gladstone.
650 ## - SUBJECT ADDED ENTRY--TOPICAL TERM
Topical Term Biography & Autobiography
942 ## - ADDED ENTRY ELEMENTS (KOHA)
Koha item type English Books
Holdings
Withdrawn status Lost status Damaged status Not for loan Home library Current library Shelving location Date acquired Full call number Accession Number Price effective from Koha item type
        Anna Centenary Library Anna Centenary Library 7TH FLOOR, B WING 18.07.2025 941.081092 WIN 322769 18.07.2025 English Books

Find us on the map